000 01437nam a2200325Ia 4500
001 ebr10255019
003 CaPaEBR
006 m u
007 cr cn|||||||||
008 080829s2008 dcua sb 100 0 eng d
020 _z0309113695
020 _z9780309113694
040 _aCaPaEBR
_cCaPaEBR
035 _a(OCoLC)567983796
050 1 4 _aR723.7
_b.I57 2007eb
110 2 _aInstitute of Medicine (U.S.).
_bMeeting
_n(37th :
_d2007 :
_cWashington, D.C.)
245 1 0 _aEvidence-based medicine and the changing nature of health care
_h[electronic resource] :
_b2007 IOM annual meeting summary /
_cMark B. McClellan ... [et al.].
260 _aWashington, DC :
_bThe National Academies Press,
_cc2008.
300 _axii, 190 p. :
_bill.
490 1 _aThe learning healthcare system series
504 _aIncludes bibliographical references.
533 _aElectronic reproduction.
_bPalo Alto, Calif. :
_cebrary,
_d2009.
_nAvailable via World Wide Web.
_nAccess may be limited to ebrary affiliated libraries.
650 0 _aEvidence-based medicine
_zUnited States
_vCongresses.
650 0 _aClinical medicine
_xDecision making
_vCongresses.
655 7 _aElectronic books.
_2local
700 1 _aMcClellan, Mark B.
710 2 _aebrary, Inc.
830 0 _aLearning healthcare system series.
856 4 0 _uhttp://site.ebrary.com/lib/rucke/Doc?id=10255019
_zAn electronic book accessible through the World Wide Web; click to view
999 _c14730
_d14730